Planety - quiz wielokrotnego wyboru - Statystyki

Ogólne statystyki
  • Ten quiz został rozwiązany 4 284 razy
  • Średni wynik to 9 z 15
Statystyki odpowiedzi
Zagadnienie Odpowiedź % Poprawnych
Która planeta jest najbliżej Słońca? Merkury
93%
Jaka jest największa planeta w Układzie Słonecznym? Jowisz
92%
Jaka jest najmniejsza planeta w Układzie Słonecznym? Merkury
91%
Które z poniższych zdjęć przedstawia Jowisza?
84%
Która planeta jest najdalej od Słońca? Neptun
79%
Na jakiej planecie znajdziesz „Wielką Czerwoną Plamę”? Jowisz
60%
Jaka jest najgorętsza planeta według średniej temperatury powierzchni? Wenus
57%
Która planeta ma dokładnie dwa księżyce? Mars
56%
Która z tych planet jest widoczna z Ziemi gołym okiem? Wszystkie powyższe
53%
Która planeta znana jest jako „Lucyfer” lub „Gwiazda Poranna”? Wenus
45%
Która planeta wydaje się poruszać najszybciej po niebie, obserwowana z Ziemi? Merkury
42%
Na której planecie jest najwięcej wulkanów, aktywnych lub uśpionych? Wenus
38%
Jaką planetę odkrył William Herschel w 1781 roku? Uran
36%
Która planeta najbardziej zbliża się do Ziemi? Wenus
31%
Która planeta jest najbliżej Ziemi? Różne planety w różnym czasie
21%
Nie znaleziono quizów pasujących do podanych kryteriów
Rozkład punktacji
Procent ludzi z każdym wynikiem
Percentyl według liczby udzielonych odpowiedzi
Twoja historia wyników
Nie rozwiązałeś tego quizu